[Event "Moravia-Silesia Region-chT 0708"]
[Site "Czech Republic"]
[Date "2008.03.30"]
[Round "10.7"]
[White "Pilch, Roman"]
[Black "Jelinek, Marek"]
[Result "0-1"]
[WhiteElo "2012"]
[BlackElo "1979"]
[PlyCount "51"]
[EventDate "2007.10.28"]
[EventType "team-tourn"]
[EventRounds "11"]
[EventCountry "CZE"]
[SourceTitle "EXT 2024"]
[Source "ChessBase"]
[SourceDate "2023.10.10"]
[SourceVersion "1"]
[SourceVersionDate "2023.10.10"]
[SourceQuality "1"]

1. d4 Nf6 2. c4 e5 3. dxe5 Ng4 4. Nf3 Bc5 5. e3 Nc6 6. Be2 0-0 7. 0-0 Re8 8. Nc3 a5 9. b3 Ncxe5 10. Nxe5 Nxe5 11. Bb2 Ra6 12. Qd5 Ba7 13. Ne4 Rh6 14. c5 c6 15. Qd4 d5 16. Ng3 Rh4 17. Qc3 f6 18. Qc2 Qe7 19. Rac1 Ng4 20. h3 Nxe3 21. fxe3 Qxe3+ 22. Kh2 Bb8 23. Bf3 Qh6 24. Rh1 Bf4 25. Rcf1 Rxh3+ 26. gxh3 0-1

[Event "Moravia-Silesia Region-chT 0708"]
[Site "Czech Republic"]
[Date "2008.01.20"]
[Round "6.6"]
[White "Jelinek, Marek"]
[Black "Zak, Jaroslav"]
[Result "1-0"]
[WhiteElo "1979"]
[BlackElo "1796"]
[PlyCount "49"]
[EventDate "2007.10.28"]
[EventType "team-tourn"]
[EventRounds "11"]
[EventCountry "CZE"]
[SourceTitle "EXT 2024"]
[Source "ChessBase"]
[SourceDate "2023.10.10"]
[SourceVersion "1"]
[SourceVersionDate "2023.10.10"]
[SourceQuality "1"]

1. f4 d5 2. Nf3 Nf6 3. e3 c5 4. b3 g6 5. Bb2 Bg7 6. Be2 0-0 7. 0-0 Nc6 8. Bb5 Bd7 9. Bxc6 Bxc6 10. d3 Ng4 11. Bxg7 Kxg7 12. Qe2 Qc7 13. h3 Nf6 14. Nbd2 Rad8 15. Rae1 e6 16. Qf2 Nd7 17. Qh4 h6 18. g4 e5 19. f5 g5 20. Nxg5 Rh8 21. Ne6+ fxe6 22. Qe7+ Kg8 23. f6 Rh7 24. f7+ Kh8 25. f8Q+ 1-0

[Event "Moravia-Silesia Region-chT 0708"]
[Site "Czech Republic"]
[Date "2007.12.09"]
[Round "4.7"]
[White "Kocur, Ales"]
[Black "Jelinek, Marek"]
[Result "0-1"]
[WhiteElo "1937"]
[BlackElo "1979"]
[PlyCount "120"]
[EventDate "2007.10.28"]
[EventType "team-tourn"]
[EventRounds "11"]
[EventCountry "CZE"]
[SourceTitle "EXT 2024"]
[Source "ChessBase"]
[SourceDate "2023.10.10"]
[SourceVersion "1"]
[SourceVersionDate "2023.10.10"]
[SourceQuality "1"]

1. e4 d6 2. d4 Nf6 3. Nc3 c6 4. Nf3 Bg4 5. Bc4 Nbd7 6. 0-0 e5 7. d5 Be7 8. Qe2 0-0 9. Bg5 Nxd5 10. Bxe7 Nxc3 11. Qe3 Qxe7 12. Qxc3 Kh8 13. h3 Bxf3 14. Qxf3 Nc5 15. Rad1 Rad8 16. Rfe1 h6 17. Qh5 Ne6 18. h4 Nf4 19. Qg4 Qf6 20. g3 Qg6 21. Qxg6 Nxg6 22. Re3 Ne7 23. Red3 Nc8 24. Rf3 Kg8 25. g4 Nb6 26. Bb3 Rd7 27. Rfd3 Rfd8 28. c4 Kf8 29. Kg2 Ke7 30. a3 Na8 31. Ba4 Nc7 32. b4 Ne6 33. Kg3 a6 34. b5 axb5 35. cxb5 Nc5 36. bxc6 Rc7 37. cxb7 Nxa4 38. Rxd6 Rb8 39. R6d5 f6 40. R5d2 Rbxb7 41. g5 hxg5 42. hxg5 Nc3 43. gxf6+ gxf6 44. Re1 Rb3 45. Kg4 Rxa3 46. Re3 Ra4 47. Rc2 Rac4 48. Kf3 Ke6 49. Rb2 R7c6 50. Rb8 Ra6 51. Rb3 Rac6 52. Rb8 Na4 53. Kg3 Nc5 54. f3 Nd7 55. Re8+ Kf7 56. Ra8 Rc7 57. Rd3 Nc5 58. Re3 Ne6 59. Raa3 Rc2 60. Re1 Nf4 0-1

[Event "Moravia-Silesia Region-chT 0708"]
[Site "Czech Republic"]
[Date "2007.10.28"]
[Round "1.6"]
[White "Jelinek, Marek"]
[Black "Blecha, Zdenek"]
[Result "1-0"]
[WhiteElo "1979"]
[BlackElo "1961"]
[PlyCount "29"]
[EventDate "2007.10.28"]
[EventType "team-tourn"]
[EventRounds "11"]
[EventCountry "CZE"]
[SourceTitle "EXT 2024"]
[Source "ChessBase"]
[SourceDate "2023.10.10"]
[SourceVersion "1"]
[SourceVersionDate "2023.10.10"]
[SourceQuality "1"]

1. f4 d5 2. Nf3 g6 3. e3 Bg7 4. Nc3 Nf6 5. b3 0-0 6. Bb2 c5 7. Bd3 Nc6 8. 0-0 Nb4 9. Be2 d4 10. Na4 dxe3 11. Nxc5 exd2 12. a3 Nbd5 13. Qxd2 b6 14. Rad1 Bf5 15. c4 1-0